Educational histories of European social anthropology

Αποθηκεύτηκε σε:
Λεπτομέρειες βιβλιογραφικής εγγραφής
Άλλοι συγγραφείς: Drackle, Dorle (Επιμελητής έκδοσης), Edgar, Iain R. (Επιμελητής έκδοσης), Schippers, Thomas K., 1954- (Επιμελητής έκδοσης)
Μορφή: Βιβλίο
Γλώσσα:English
Δημοσίευση: New York : Berghahn Books, 2003
Σειρά:Learning fields ; ; 1
EASA series
Θέματα:
Ετικέτες: Προσθήκη ετικέτας
Δεν υπάρχουν, Καταχωρήστε ετικέτα πρώτοι!

MARC

LEADER 00000cam a2200000 i 4500
001 1/3434
008 100120s2003 eng d
020 |a 1-57181-452-3 (hbk.) 
035 |l 10106375 
040 |a GR-MY-UA  |b gre  |e aacr 
041 0 |a eng 
082 0 |a 305.80071  |2 (22) 
245 1 0 |a Educational histories of European social anthropology /  |c edited by Dorle Drackle, Iain R. Edgar, and Thomas K. Schippers 
260 |a New York :   |b Berghahn Books,   |c 2003 
300 |a x, 262 σ.;  |c 24 εκ. 
490 1 |a Learning fields  |v ; 1 
490 1 |a The EASA series 
500 |a Εκδόθηκε σε συνεργασία με το European Association of Social Anthropologists 
504 |a Περιέχει βιβλιογραφικές παραπομπές και ευρετήριο 
650 0 0 |a Ethnology  |x Study and teaching (Graduate)  |z Europe  |x History. 
650 0 0 |a Ethnology  |z Europe  |x History  |y 20th century. 
650 0 0 |a Educational anthropology  |z Europe  |x History  |y 20th century. 
700 1 |a Drackle, Dorle.  |4 edt 
700 1 |a Edgar, Iain R.  |4 edt 
700 1 |a Schippers, Thomas K.,   |d 1954-  |4 edt 
830 0 |a Learning fields ;  |v ; 1 
830 0 |a EASA series 
852 |a INST  |b LESVOS  |e 20100120  |h 305.80071 EDU  |p 005100045982  |q 005100045982  |t BK  |y 0 
901 |a BIBL1-2010-1 
909 |a Λ  |b 160631 
970 |a ΚΑΡΑ  |b ΓΙΑΣΕΜΗ  |z 2010/01/20